02878nam a2200265 a 4500003000400000005001700004007001500021008004100036040000800077100003600085245012900121264004300250300007500293336002700368337002900395338003900424502003000463504006100493520183500554650003502389650004502424650002902469700003802498856007602536OSt20251029104734.0cr ||||||a|c|a230606s2019 mx a|||fom||| 001 0 spa d erda1 aMartínez Martínez, Victoria10aTecomatlán, un modelo de desarrollo social /cpor Victoria Martínez Martínez; director de tesis Abel Peréz Zamorano. 1aChapingo, México :bEl autor,c2019. a1 recurso en línea ( 112 páginas):bgráficas, cuadros, imagenes. 2rdacontentatextobtxt 2rdamediaacomputadorabc 2rdacarrierarecurso en líneabcr bMCEARNcDICEAd2019.gLIC aIncluye referencias bibliográficas: páginas 115-121. aEl objetivo de esta investigación fue identificar, cómo se desarrolló la comunidad de Tecomatlán, Puebla en un periodo de 1990 a 2015. Se empleó el Método Comparativo Orientado a Casos, se hicieron dos análisis con quince indicadores; comparación de la situación de la Mixteca Poblana con el estado de Puebla y el análisis de la comparación de los indicadores entre los 45 municipios. Las estadísticas se tomaron principalmente de: INEGI, CONEVAL, INAFED, PNUD, SNIM, SEP, OCDE, CEPAL, también se hicieron estudios de campo: encuestas y entrevistas. De los 45 municipios, el más desarrollado fue Tecomatlán: IDH (0.669), índice de ingreso (0.79), índice de educación (0.595), además de contar con obras de impacto social; unidad deportiva, casa de cultura, 2 auditorios, casa del estudiante para mil estudiantes, educación de todos los niveles de tiempo completo y Espartaqueada nacional de matemáticas. A nivel estatal ocupa el lugar 17 en índice de desarrollo humano de los 217 municipios del estado. Lo superan apenas 16: ocho de la región Angelópolis: Puebla 0.79, San Pedro Cholula 0.77, Cuautlancingo 0.77, San Andrés Cholula 0.75, San Martín Texmelucan 0.73, San Miguel Xoxtla 0.733, Amozoc 0.71 y Huejotzingo 0.709, tres de la Sierra Nororiental: Zaragoza 0.75, Teteles de Ávila de Castillo 0.74 y Teziutlán 0.748, tres de valle de Atlixco y Matamoros: Atlixco 0.738, San Gregorio Atzompa 0.728 e Izúcar de Matamoros 0.70; Tehuacán 0.721 y Juan Galindo (0.713) de la Sierra Norte. A nivel nacional ocupa el lugar 659 de 2457 municipios. Se identificó a la organización social “Antorcha Campesina”, como impulsora del desarrollo. Los municipios que tiende a alcanzar el nivel de desarrollo de Tecomatlán son: Ixcaquixtla Acatlán de Osorio y Coyotepec. 4aPolítica económicaxPuebla 4aDesarrollo de la comunidad ruralzPuebla 2aFamiliaxCalidad de vida1 aPérez Zamorano, Abeledirector. uhttp://10.13.5.2/tesis/tm/Martinez_Martinez_Victoria.pdfzDESCARGAR PDF